Electrical safety of low-voltage systems

Bibliographic Details
Main Author: Mitolo, Massimo A
Format: Book
Language:English
Published: New York : McGrawHill , 2009
Subjects:

MARC

LEADER 00000cam a2200000 7i4500
001 0000023909
005 20111116.0
008 111116s nyua eng
020 |a 9780071508186 ,   |c RM263.00 
040 |a INS 
090 0 0 |a TK3275   |b M58 2009 
100 1 |a Mitolo, Massimo A 
245 1 0 |a Electrical safety of low-voltage systems   |c Massimo A. Mitolo 
260 |a New York :   |b McGrawHill ,   |c 2009 
300 |a xv, 288p. :   |b ill. ;   |c 23cm. 
500 |a Includes index 
650 0 |a Electric wiring   |x Insurance requirements 
650 0 |a Low voltage systems   |x Safety measures 
999 |a 1000000459   |b BOOK   |c Open Shelf   |e Default branch